=LDR 00000nam 2200000 4500 =001 INLIS000000000036536 =005 20130612142322 =008 ***********************************Ind** =035 ##$$0010-061300000036536 =041 ##$$a Ind =082 ##$$a 028.5 =090 ##$$a 028.5, Far k =100 ##$$a Farr, Michael =245 ##$$a Kapten Haddock, Michael Fatt ; alih bahasa, Donna Widjajanto =260 ##$$a 2010 $b jakarta =300 ##$$a 42 hlm, ilus, 22 cm =650 ##$$a Bacaan anak-anak =700 ##$$a Widjajanto, Donna =850 ##$$a NBPNMAT =990 ##$$a 21602735/BPAP-NTB/2017